India's fight for freedom, 1913-1937; (Record no. 70218)

MARC details
000 -LEADER
fixed length control field 00569cam a22002051 4500
001 - CONTROL NUMBER
control field sa 66005953
003 - CONTROL NUMBER IDENTIFIER
control field DLC
005 - DATE AND TIME OF LATEST TRANSACTION
control field 20260227112252.0
008 - FIXED-LENGTH DATA ELEMENTS--GENERAL INFORMATION
fixed length control field 720217s1966 xx 000 0 eng
010 ## - LIBRARY OF CONGRESS CONTROL NUMBER
LC control number sa 66005953
035 ## - SYSTEM CONTROL NUMBER
System control number (OCoLC)243849
040 ## - CATALOGING SOURCE
Original cataloging agency DLC
Transcribing agency OCU
Modifying agency DLC
042 ## - AUTHENTICATION CODE
Authentication code premarc
050 00 - LIBRARY OF CONGRESS CALL NUMBER
Classification number DS480.45
Item number .D9
100 1# - MAIN ENTRY--PERSONAL NAME
Personal name Dwarkadas, Kanji,
Dates associated with a name 1892-
245 10 - TITLE STATEMENT
Title India's fight for freedom, 1913-1937;
Remainder of title an eyewitness story.
260 ## - PUBLICATION, DISTRIBUTION, ETC.
Place of publication, distribution, etc. Bombay,
Name of publisher, distributor, etc. Popular Prakashan
Date of publication, distribution, etc. [1966]
300 ## - PHYSICAL DESCRIPTION
Extent xx, 480 p.
Dimensions 23cm.
651 #0 - SUBJECT ADDED ENTRY--GEOGRAPHIC NAME
Geographic name India
General subdivision History
Chronological subdivision 20th century.

No items available.

Powered by Koha